The Culture Of Silence : Architecture's Fifth Dimension (Record no. 4905)
[ view plain ]
| 000 -LEADER | |
|---|---|
| fixed length control field | 00305nam a2200109Ia 4500 |
| 008 - FIXED-LENGTH DATA ELEMENTS--GENERAL INFORMATION | |
| fixed length control field | 200302s9999 xx 000 0 und d |
| 100 ## - MAIN ENTRY--PERSONAL NAME | |
| Personal name | Malcolm Quantrill (Edi) |
| 245 ## - TITLE STATEMENT | |
| Title | The Culture Of Silence : Architecture's Fifth Dimension |
| 260 ## - PUBLICATION, DISTRIBUTION, ETC. | |
| Name of publisher, distributor, etc. | Texas A& M University Press |
| 260 ## - PUBLICATION, DISTRIBUTION, ETC. | |
| Date of publication, distribution, etc. | 1998 |
| 300 ## - PHYSICAL DESCRIPTION | |
| Extent | 271 P |
| Withdrawn status | Lost status | Damaged status | Not for loan | Permanent Location | Current Location | Date acquired | Cost, normal purchase price | Full call number | Barcode | Date last seen | Price effective from | Koha item type | Source of classification or shelving scheme |
|---|---|---|---|---|---|---|---|---|---|---|---|---|---|
| BMS College of Architecture, Design and Planning | BMS College of Architecture, Design and Planning | 2020-03-03 | 3526.47 | 720.9489709 | CL-UG69898 | 2020-03-03 | 2020-03-03 | UG Books from CL | |||||
| BMS College of Architecture, Design and Planning | BMS College of Architecture, Design and Planning | 2020-08-10 | 3526.47 | 720.9489709 | AR-RD97 | 2020-08-10 | 2020-08-10 | R&D Books |